000 00370nam a2200133Ia 4500
999 _c10850
_d10850
008 191201s2011 xx 000 0 und d
082 _a677.21
_bCOI
100 _aCOOKLIN, Gerry
245 0 _aIntroduction to Clothing Manufacture
260 _aNew delhi
_bBlackwell Pub.
_c2002
300 _a178
650 _aBachelor of Fashion and Apparel Design
942 _2ddc
_cBK
_03